Taking sides Clashing views in United States history Vol. 2

সংরক্ষণ করুন:
গ্রন্থ-পঞ্জীর বিবরন
অন্যান্য লেখক: Madaras, Larry
বিন্যাস: গ্রন্থ
ভাষা:Undetermined
প্রকাশিত: Dubuque, Iowa. McGraw-Hill Higher Education 2008
বিষয়গুলি:
অনলাইন ব্যবহার করুন:http://lrc.tdmu.edu.vn/opac/search/detail.asp?aID=2&ID=16093
ট্যাগগুলো: ট্যাগ যুক্ত করুন
কোনো ট্যাগ নেই, প্রথমজন হিসাবে ট্যাগ করুন!
Thư viện lưu trữ: Trung tâm Học liệu Trường Đại học Thủ Dầu Một
LEADER 00676nam a2200205Ia 4500
001 TDMU_16093
008 210410s9999 xx 000 0 und d
082 |a 973 
090 |b T103 
245 0 |a Taking sides 
245 0 |b Clashing views in United States history 
245 0 |n Vol. 2 
245 0 |p Reconstruciton to the present 
260 |a Dubuque, Iowa. 
260 |b McGraw-Hill Higher Education 
260 |c 2008 
650 |a United States  |x History  |y 1865; Hoa Kỳ (Mỹ)  |x Lịch sử  |y 1865 
700 |a Madaras, Larry 
856 |u http://lrc.tdmu.edu.vn/opac/search/detail.asp?aID=2&ID=16093 
980 |a Trung tâm Học liệu Trường Đại học Thủ Dầu Một